000 00536nam a2200181Ia 4500
005 20250326124646.0
008 250326s9999 xx 000 0 und d
037 _aTextbook
040 _aFMSL
_beng
_cFMSL
041 _aeng
_2eng
084 _aX:8(SNI) L)
_qFMSL
100 _aHodge BJ
_9737730
245 0 _aManagement and organizational behaviour:multimedia approach
_cHodge Bj; Johnson Hj
260 _aNY
_bNY, John Wiley and Sons
_c1970
300 _a531p
942 _cTB
_hX:8(SNI) L)
999 _c1274615
_d1274615